000 02016nam a2200373 c 4500
003 BLK
005 20250207165147.0
008 180407b bul|||||r ||||||| ||bul||
010 _aKNG00031659000
040 _aBLK
041 _aBUL
_cBUL
080 _aИкономически теории. Икономически учения и школи
_b330.8
_x(091)(075.8)
_z330.8(091)(075.8)
080 _aИкономическа наука. Основни понятия на икономическата теория. Стойност. Капитал. Фондове
_b330.1
_x(091)(075.8)
_z330.1(091)(075.8)
080 _aБиографии
_b929
_x(100)
_z929(100)
100 1 _aКънев, Методи Асенов
_eпърви автор
_9365142
139 _aИкономически теории
_bИ 50
245 1 0 _aИкономически теории
_bПрозрения и пристрастия на великите икономисти
_cМетоди Асенов Кънев.
257 _aBGR
260 Свищов
_bД. Найденов
_c1996
300 _a368 с.
_c20 см
380 _a3
500 _aДруги авт.: Н. Чонов, С. Найденова, Л. Кирев, Д. Найденов, Ив. Петров, Л. Кирев, Сн. Найденова, А. Радев, С. Димов, Кр. Кунев ; Пълното име на авт. Ив. Петров е Иван Петров Иванов. - Библиогр. под линия. - Именен показалец.
650 4 _aИкономически учения - история - учебници за ВУЗ
_9259911
650 4 _aИкономисти
_9156882
653 _aикономически учения
653 _aикономисти
653 _aучебници за ВУЗ
852 _aЦб 190014
856 4 _qpdf
_u
856 4 _qpdf
_u
942 _cKNG
_n0
_03
944 _aCR
_c15.01.2003
_lЦветелина Шанова
_k30531
944 _aED
_c17.07.2017
_lф /
_kЛюдмила_Стоянова
999 _c29050
_d29050